[Event "Human vs. IBM/Nimzo98"]
[Site "Mureck"]
[Date "1998.07.16"]
[Round "1"]
[White "Bednar"]
[WhiteElo "2275"]
[Black "Nimzo98"]
[BlackElo "2620"]
[Result "0-1"]

1. e4 c5 2. d4 cxd4 3. c3 dxc3 4. Nxc3 e6 5. Bc4 a6 6. Nf3 b5 7. Bb3 Bb7
8. a3 b4 9. axb4 Bxb4 10. O-O Bxc3 11. bxc3 Bxe4 12. Qd4 Nf6 13. Ng5 Nc6
14. Qe3 Bf5 15. Ba3 Ng4 16. Qd2 Qb8 17. Qd6 f6 18. Nf3 Qxb3 19. Rfd1 e5
20. h3 Nh6 21. g4 Be6 22. Rac1 Nf7 23. Qc5 h5 24. Nd2 Qa4 0-1

[Event "Human vs. IBM/Nimzo98"]
[Site "Mureck"]
[Date "1998.07.16"]
[Round "2"]
[White "Rohacek"]
[WhiteElo "2130"]
[Black "Nimzo98"]
[BlackElo "2620"]
[Result "0-1"]

1. d4 Nf6 2. Bg5 Ne4 3. h4 d5 4. Nd2 Bf5 5. Nxe4 Bxe4 6. f3 h6
7. Bf4 Bh7 8. e3 e6 9. Bd3 Bxd3 10. Qxd3 c5 11. Ne2 c4 12. Qd2 Be7
13. Bg3 O-O 14. e4 dxe4 15. fxe4 Nd7 16. O-O-O Nf6 17. Nc3 b5 18. e5 Nh5
19. Bf2 b4 20. Ne4 c3 21. Qe2 cxb2 22. Kb1 Nf4 23. Qf3 Nd5 24. Qb3 a5
25. g4 Rb8 26. g5 Nc3 27. Nxc3 bxc3 28. Qxc3 h5 29. g6 fxg6 30. Qd3 Rxf2
31. Qxg6 Qd5 32. Rhg1 Rf7 33. Qxh5 a4 34. Qg4 a3 35. h5 Kh8 36. Qg6 Rbf8
37. h6 gxh6 38. Qxh6 Rh7 39. Qg6 Qd7 40. Rh1 Bh4 41. d5 exd5 42. e6 Qa7
43. Rxd5 Rg8 44. Qd3 Rg1 45. Rxg1 Qxg1 46. Qd1 Rg7 47. Rh5 Kg8
48. Rd5 Qe3 49. Rd8 Bxd8 50. Qxd8 Kh7 51. Qh4 Kg6 52. Qg4 Kf6 53. Qh4 Ke5
54. Qh5 Kd6 55. Qd1 Kxe6 56. c4 Qe4 0-1

[Event "Human vs. IBM/Nimzo98"]
[Site "Mureck"]
[Date "1998.07.16"]
[Round "3"]
[White "Nimzo98"]
[WhiteElo "2620"]
[Black "Bednar"]
[BlackElo "2275"]
[Result "1-0"]

1. e4 d5 2. exd5 Nf6 3. d4 Nxd5 4. c4 Nb6 5. Nf3 g6 6. Be2 Bg7
7. O-O O-O 8. Nc3 Nc6 9. d5 Ne5 10. Nxe5 Bxe5 11. Bh6 Re8 12. Qd2 e6
13. Rad1 exd5 14. cxd5 Bd7 15. Rfe1 Qe7 16. Nb5 a6 17. d6 cxd6
18. Nc7 Bc6 19. Nxe8 Rxe8 20. f4 Bf6 21. Bf3 1-0

[Event "Human vs. IBM/Nimzo98"]
[Site "Mureck"]
[Date "1998.07.16"]
[Round "4"]
[White "Nimzo98"]
[WhiteElo "2620"]
[Black "Rohacek"]
[BlackElo "2150"]
[Result "1-0"]

1. e4 e5 2. Nf3 f5 3. Nxe5 Qf6 4. Nc4 fxe4 5. Nc3 Qf7 6. Ne3 Nf6
7. Bc4 Qg6 8. d3 exd3 9. Bxd3 Qf7 10. Bc4 Qg6 11. O-O c6 12. Re1 Be7
13. Bd3 Qf7 14. Nf5 1-0

[Event "Human vs. IBM/Nimzo98"]
[Site "Mureck"]
[Date "1998.07.16"]
[Round "5"]
[White "Herbst"]
[WhiteElo "2135"]
[Black "Nimzo98"]
[BlackElo "2620"]
[Result "1/2-1/2"]

1. e4 c5 2. Nc3 Nc6 3. f4 g6 4. Nf3 Bg7 5. Bb5 Nd4 6. a4 Nxb5 7. axb5 d6
8. d3 Bg4 9. O-O Nh6 10. h3 Bd7 11. Qe1 O-O 12. f5 Kh8 13. Qh4 Ng8
14. Ng5 Nh6 15. Nf3 Ng8 16. Ng5 Nh6 17. Nf3 1/2-1/2

[Event "Human vs. IBM/Nimzo98"]
[Site "Mureck"]
[Date "1998.07.16"]
[Round "6"]
[White "Petz"]
[WhiteElo "1750"]
[Black "Nimzo98"]
[BlackElo "2620"]
[Result "0-1"]

1. d4 Nf6 2. c4 e6 3. Nf3 b6 4. Nc3 Bb7 5. e3 d5 6. Bd2 Bd6 7. Rc1 c6
8. Bd3 Ba6 9. b3 Nbd7 10. O-O O-O 11. e4 e5 12. dxe5 Nxe5 13. Nxe5 Bxe5
14. Kh1 dxc4 15. Bxc4 Bxc4 16. bxc4 Bxc3 17. Bxc3 Nxe4 18. Qc2 Re8
19. Ba1 Qd2 20. Qxd2 Nxd2 21. Rfd1 Rad8 22. h3 c5 23. Bb2 Ne4 24. Kg1 Rd2
25. Re1 Rxb2 26. Rc3 Kf8 27. Rce3 Nd6 0-1

[Event "Human vs. IBM/Nimzo98"]
[Site "Mureck"]
[Date "1998.07.16"]
[Round "7"]
[White "Devedzic"]
[WhiteElo "2250"]
[Black "Nimzo98"]
[BlackElo "2620"]
[Result "0-1"]

1. e4 e5 2. Nf3 Nc6 3. Bb5 Nf6 4. O-O d6 5. d4 Bd7 6. c3 exd4 7. cxd4 Nxe4
8. Re1 d5 9. Nc3 Bb4 10. Bg5 f6 11. Bh4 O-O 12. Qb3 Bxc3 13. bxc3 Bf5
14. Re3 Na5 15. Qa3 c6 16. Bd3 g5 17. Bg3 Nxg3 18. hxg3 Bxd3 19. Rxd3 Nc4
20. Qb4 Qb6 21. Rb1 Qxb4 22. Rxb4 Nd6 23. Nd2 Rae8 24. Nb3 Re1
25. Kh2 Ne4 26. Rf3 g4 27. Rf4 f5 28. Rxb7 Nd6 0-1

[Event "Human vs. IBM/Nimzo98"]
[Site "Mureck"]
[Date "1998.07.16"]
[Round "9"]
[White "Mufic"]
[WhiteElo "2345"]
[Black "Nimzo98"]
[BlackElo "2620"]
[Result "0-1"]

1. a3 Nf6 2. d4 d5 3. Nf3 Bf5 4. e3 e6 5. c4 Be7 6. Qb3 b6 7. Nc3 O-O
8. Ne5 c5 9. cxd5 exd5 10. Be2 c4 11. Qd1 Qc8 12. O-O Nc6 13. f4 Na5
14. g4 Nb3 15. Rb1 Bxb1 16. Nxb1 Ne4 17. Nc3 Nxc3 18. bxc3 Nxc1
19. Qxc1 f6 20. Nf3 Qxg4 21. Kh1 Bd6 22. Rg1 Qe6 0-1

[Event "Human vs. IBM/Nimzo98"]
[Site "Mureck"]
[Date "1998.07.16"]
[Round "10"]
[White "Nimzo98"]
[WhiteElo "2620"]
[Black "Havlicek"]
[BlackElo "2140"]
[Result "1-0"]

1. d4 g6 2. Nf3 a5 3. e4 Bg7 4. c3 d6 5. Bd3 Bd7 6. O-O h5 7. Bg5 Qc8
8. Na3 Nf6 9. e5 Nd5 10. Qe2 Nc6 11. Be4 Nb6 12. exd6 e6 13. Nb5 O-O
14. Nxc7 Rb8 15. Ne5 Nxe5 16. dxe5 Bxe5 17. Be7 f5 18. Bf3 Bf4
19. g3 Bh6 20. Bxf8 Qxf8 21. Rad1 Qf6 22. Rfe1 h4 23. Bg2 f4 24. gxh4 Qxh4
25. Qc2 Qg4 26. h3 Qg5 27. Nxe6 Qf6 28. Qb3 Kh7 29. Qxb6 Bxe6 30. Qc7 Bg7
31. Qxb8 f3 32. Qxb7 fxg2 33. d7 Qh4 34. d8=Q Qxh3 35. Qxg2 1-0

[Event "Human vs. IBM/Nimzo98"]
[Site "Mureck"]
[Date "1998.07.16"]
[Round "11"]
[White "Nimzo98"]
[WhiteElo "2620"]
[Black "Becevic"]
[BlackElo "2300"]
[Result "0-1"]

1. Nf3 Nf6 2. d4 d6 3. c4 Nbd7 4. Nc3 e5 5. e4 exd4 6. Nxd4 Nc5
7. f3 a5 8. Be2 Be7 9. Nd5 c6 10. Nxe7 Qxe7 11. O-O O-O 12. Bf4 Ne8
13. Re1 g6 14. Qd2 a4 15. Bh6 Ng7 16. Qc3 f6 17. b4 axb3 18. axb3 Rxa1
19. Rxa1 Rd8 20. Ra7 Nce6 21. Nxc6 Qc7 22. Nxd8 Qxd8 23. Ra8 g5
24. Bd3 Kf7 25. Bxg7 Kxg7 26. g3 Qb6 27. Kg2 Bd7 28. Ra1 h5 29. Rd1 h4
30. Bc2 h3 31. Kf1 Bc6 32. Rxd6 Kf7 33. e5 Qc5 34. Bf5 Ng7 35. Rxf6 Kg8
36. Bc2 Qa3 37. Qd3 Qc1 38. Kf2 Qh1 39. Qh7 0-1

[Event "Human vs. IBM/Nimzo98"]
[Site "Mureck"]
[Date "1998.07.16"]
[Round "12"]
[White "Berezjuk"]
[WhiteElo "2410"]
[Black "Nimzo98"]
[BlackElo "2620"]
[Result "0-1"]

1. e4 e6 2. f4 d5 3. e5 c5 4. Nf3 Be7 5. c3 Nh6 6. Na3 Nc6 7. Nc2 Bd7
8. Be2 O-O 9. O-O Qb6 10. Kh1 Nf5 11. Bd3 c4 12. Bxf5 exf5 13. d3 Rfd8
14. Rb1 Qa6 15. Ra1 cxd3 16. Nce1 Na5 17. Nd4 d2 18. Nef3 dxc1=N
19. Qxc1 Rdc8 20. Qe1 Qh6 21. Qg3 Nc4 22. Rf2 Qh5 23. Re2 Qg4 24. Qf2 Qxf4
25. Rae1 Bc5 26. g3 Qg4 27. Qg2 Be6 28. h3 Qh5 29. Nb5 f4 30. g4 Qh6
0-1

[Event "Human vs. IBM/Nimzo98"]
[Site "Mureck"]
[Date "1998.07.16"]
[Round "13"]
[White "Nimzo98"]
[WhiteElo "2620"]
[Black "Berezjuk"]
[BlackElo "2410"]
[Result "1-0"]

1. Nf3 d5 2. g3 Bg4 3. Bg2 Nd7 4. c4 e6 5. d4 c6 6. O-O Ngf6 7. b3 h6
8. Nc3 Be7 9. Ne5 Nxe5 10. dxe5 Nd7 11. Qd4 Bh5 12. cxd5 cxd5 13. e4 dxe4
14. Nxe4 O-O 15. Nd6 Be2 16. Nxb7 Qc7 17. Re1 Ba6 18. Nd6 Nxe5
19. Bxa8 Bxd6 20. Bf4 Rxa8 21. Bxe5 Bxe5 22. Rxe5 Rd8 23. Rc5 Qb8
24. Qa4 Bb7 25. Rac1 Qd6 26. Qc4 Qd2 27. Rc7 Bf3 28. Rxa7 Rd4 29. Qf1 Bd5
30. Rc8 Kh7 31. Rxf7 e5 32. Ra7 e4 33. Rcc7 e3 34. Rxg7 Kh8 35. Rh7 Kg8
36. Rag7 Kf8 37. fxe3 1-0

[Event "Human vs. IBM/Nimzo98"]
[Site "Mureck"]
[Date "1998.07.16"]
[Round "14"]
[White "Boric"]
[WhiteElo "2400"]
[Black "Nimzo98"]
[BlackElo "2620"]
[Result "1/2-1/2"]

1. d4 d5 2. Nf3 e6 3. c4 c6 4. Qc2 dxc4 5. Qxc4 Nf6 6. g3 Nbd7
7. Bg2 Bd6 8. O-O e5 9. Nc3 Nb6 10. Qd3 exd4 11. Nxd4 O-O 12. Rd1 Be7
13. Nf5 Bxf5 14. Qxf5 Qc8 15. Qxc8 Raxc8 16. Bf4 Nh5 17. Be3 Rfd8
18. Ne4 Nc4 19. Bxa7 Nxb2 20. Rdb1 Ba3 21. Bc5 Bxc5 22. Nxc5 b6
23. Rxb2 bxc5 24. Rc1 Nf6 25. Bh3 Rc7 26. Rxc5 Ne4 27. Rc4 Nd6
28. Rd4 Kf8 29. Rbd2 Ke7 30. e4 c5 31. Rd5 c4 32. e5 Nb7 33. Rxd8 Nxd8
34. Bg2 Ne6 35. Kf1 c3 36. Rd1 c2 37. Rc1 Nd4 38. Be4 Ra7 39. Bd5 f6
40. exf6 Kxf6 41. Bb3 Rc7 42. Ke1 g5 43. Kd2 Rd7 44. Ke3 Nf5 45. Ke2 Nd4
46. Ke3 Nf5 47. Ke2 Nd4 48. Ke1 Re7 49. Kd2 Rd7 50. Ke3 1/2-1/2

[Event "Human vs. IBM/Nimzo98"]
[Site "Mureck"]
[Date "1998.07.16"]
[Round "15"]
[White "Rakchmangoulow"]
[WhiteElo "2415"]
[Black "Nimzo98"]
[BlackElo "2620"]
[Result "0-1"]

1. d4 Nf6 2. Nf3 b6 3. Bg5 Bb7 4. e3 c5 5. c3 e6 6. Nbd2 Be7 7. Bd3 O-O
8. O-O d5 9. Qe2 Nc6 10. Ba6 Bxa6 11. Qxa6 Rc8 12. h3 h6 13. Bf4 Bd6
14. Bxd6 Qxd6 15. Rad1 cxd4 16. exd4 Nh5 17. Rfe1 Nf4 18. Qf1 b5
19. g3 Ng6 20. h4 b4 21. h5 bxc3 22. bxc3 Nge7 23. Nb3 Qa3 24. Qe2 Nf5
25. Rc1 Rfe8 26. g4 Nd6 27. g5 hxg5 28. Nxg5 e5 29. Qg4 Qxa2 30. h6 g6
31. Qd7 Red8 32. Qh3 Qxb3 33. dxe5 Ne4 34. Rxe4 dxe4 35. e6 Ne5
36. exf7 Nxf7 37. h7 Kh8 38. Qg3 Rd1 39. Rxd1 Qxd1 40. Kg2 Nxg5
0-1

[Event "Human vs. IBM/Nimzo98"]
[Site "Mureck"]
[Date "1998.07.16"]
[Round "16"]
[White "Nimzo98"]
[WhiteElo "2620"]
[Black "Ismailow"]
[BlackElo "2230"]
[Result "1-0"]

1. Nf3 d5 2. c4 Nf6 3. cxd5 Nxd5 4. e4 Nf6 5. Nc3 Bg4 6. d4 Nc6
7. Bb5 a6 8. Bxc6 bxc6 9. Qa4 Bd7 10. Qc4 e6 11. Ne5 c5 12. dxc5 c6
13. Bf4 Be7 14. Rd1 Qc8 15. Na4 Qb7 16. Nb6 Rd8 17. Bg5 Bc8 18. O-O O-O
19. Qc2 Rxd1 20. Rxd1 Rd8 21. Rxd8 Bxd8 22. Nec4 Bxb6 23. cxb6 Nd7
24. Be3 c5 25. b4 Qc6 26. bxc5 f6 27. Nd6 Nxb6 28. Qb3 Na8 29. Qb8 1-0

[Event "Human vs. IBM/Nimzo98"]
[Site "Mureck"]
[Date "1998.07.16"]
[Round "17"]
[White "Peisser"]
[WhiteElo "2165"]
[Black "Nimzo98"]
[BlackElo "2620"]
[Result "0-1"]

1. d4 Nf6 2. Nf3 e6 3. Bg5 c5 4. e3 d5 5. c3 Be7 6. Nbd2 Nbd7 7. Bd3 b6
8. O-O Bb7 9. Ne5 Nxe5 10. dxe5 Nd7 11. Bxe7 Qxe7 12. f4 h6 13. Bb5 a6
14. Bxd7 Qxd7 15. Nf3 O-O 16. Qe2 Qa4 17. Rfd1 a5 18. Rd2 Ba6 19. Qf2 Qe4
20. Re1 Rac8 21. g4 Rfe8 22. g5 Qg6 23. Qh4 Bd3 24. Rg2 h5 25. Rg3 a4
26. Qh3 a3 27. b3 b5 28. Nh4 Qh7 29. g6 fxg6 30. Rg5 Be4 31. Qg3 b4
32. cxb4 cxb4 33. Re2 Rc1 34. Kf2 Rec8 35. Nxg6 R8c7 36. Nh4 Bd3
37. Rd2 Qe4 38. Qf3 Rf1 39. Kg2 Rxf3 0-1

[Event "Human vs. IBM/Nimzo98"]
[Site "Mureck"]
[Date "1998.07.16"]
[Round "18"]
[White "Nimzo98"]
[WhiteElo "2620"]
[Black "Veremejchik"]
[BlackElo "2345"]
[Result "1-0"]

1. Nf3 c5 2. e4 Nc6 3. d4 cxd4 4. Nxd4 g6 5. Nc3 Bg7 6. Be3 Nf6
7. Be2 O-O 8. O-O d5 9. Nxc6 bxc6 10. e5 Nd7 11. f4 e6 12. Na4 Qa5
13. c3 c5 14. Nxc5 Nxc5 15. b4 Qa3 16. Bxc5 Qxc3 17. Rf3 1-0

[Event "Human vs. IBM/Nimzo98"]
[Site "Mureck"]
[Date "1998.07.16"]
[Round "19"]
[White "Uelker"]
[WhiteElo "2315"]
[Black "Nimzo98"]
[BlackElo "2620"]
[Result "0-1"]

1. e4 e5 2. Nf3 Nc6 3. Bb5 Nf6 4. O-O Nxe4 5. d4 Be7 6. dxe5 O-O
7. Re1 d5 8. exd6 Bxd6 9. Be3 Ne5 10. Nxe5 Bxe5 11. Qxd8 Rxd8 12. c3 Be6
13. Na3 Nxc3 14. Bg5 Nxb5 15. Rxe5 Nxa3 16. Bxd8 Rxd8 17. bxa3 h6
18. Re2 c5 19. Rc1 c4 20. f3 Rd3 21. Rcc2 Rxa3 22. Kf2 b5 23. Re3 Ra4
24. a3 a5 25. g4 b4 26. axb4 axb4 27. Rxe6 fxe6 28. Rxc4 Kf7 29. Rc7 Kf6
30. Rb7 Ra2 31. Ke3 Rb2 32. Ke4 g5 33. h3 b3 34. Rh7 Rd2 35. Rxh6 Kg7
36. Rh5 Rd5 0-1

[Event "Human vs. IBM/Nimzo98"]
[Site "Mureck"]
[Date "1998.07.16"]
[Round "20"]
[White "Harrallamib"]
[WhiteElo "2325"]
[Black "Nimzo98"]
[BlackElo "2620"]
[Result "0-1"]

1. c4 c6 2. Nc3 d5 3. cxd5 cxd5 4. d4 Nf6 5. Nf3 Nc6 6. Bf4 Ne4
7. e3 Nxc3 8. bxc3 g6 9. Be2 Bg7 10. O-O O-O 11. c4 dxc4 12. Bxc4 Bf5
13. h3 Rc8 14. Be2 Nb4 15. Qd2 Nd5 16. Be5 Rc2 17. Qe1 Nc3 18. Bc4 Bxe5
19. Nxe5 Qc7 20. Rc1 Rxc1 21. Qxc1 Qxc4 22. Nxc4 Ne2 23. Kh2 Nxc1
24. Rxc1 Rc8 25. e4 Bd7 26. Ne5 Rxc1 27. Nxd7 Ra1 28. Nc5 0-1

[Event "Human vs. IBM/Nimzo98"]
[Site "Mureck"]
[Date "1998.07.16"]
[Round "21"]
[White "Moskalenko"]
[WhiteElo "2500"]
[Black "Nimzo98"]
[BlackElo "2620"]
[Result "0-1"]

1. d4 d5 2. c4 dxc4 3. e3 e5 4. Bxc4 exd4 5. exd4 Bd6 6. Nf3 Nf6
7. O-O O-O 8. Bg5 h6 9. Bh4 Bg4 10. Nbd2 Nc6 11. Qc2 Bf4 12. d5 Na5
13. Ne4 g5 14. Nxf6 Qxf6 15. Bg3 Bxg3 16. hxg3 Bxf3 17. gxf3 Qxf3
18. Bd3 Qxd5 19. Rfd1 Qc6 20. Qd2 Qb6 21. Rac1 Rfd8 22. Qc3 Nc6
23. Kg2 Rac8 24. Be4 Nd4 25. b4 Ne2 26. Qf3 Nxc1 27. Rxc1 Rd2 28. Rc5 Rcd8
29. Qf5 Kf8 30. a3 R8d6 31. Qh7 Rf6 32. Bf5 Ke7 33. g4 Qd6 34. Qh8 Qf4
0-1

[Event "Human vs. IBM/Nimzo98"]
[Site "Mureck"]
[Date "1998.07.16"]
[Round "24"]
[White "Allakhverdiev"]
[WhiteElo "2455"]
[Black "Nimzo98"]
[BlackElo "2620"]
[Result "0-1"]

1. c4 Nf6 2. Nf3 c5 3. g3 g6 4. Bg2 Bg7 5. O-O O-O 6. d4 cxd4 7. Nxd4 Nc6
8. Nc3 Nxd4 9. Qxd4 d6 10. Qd2 Be6 11. b3 d5 12. c5 Ne4 13. Bxe4 dxe4
14. Qc2 Qd4 15. Bb2 Qxc5 16. Qxe4 Bxc3 17. Rac1 Qb4 0-1

[Event "Human vs. IBM/Nimzo98"]
[Site "Mureck"]
[Date "1998.07.16"]
[Round "25"]
[White "Kotanjian"]
[WhiteElo "2215"]
[Black "Nimzo98"]
[BlackElo "2620"]
[Result "0-1"]

1. c4 e5 2. Nc3 Bb4 3. Nf3 d6 4. g3 c6 5. Bg2 Nf6 6. O-O O-O 7. d3 Bg4
8. h3 Bxf3 9. Bxf3 Qc8 10. Bg2 Nbd7 11. a3 Bxc3 12. bxc3 d5 13. cxd5 cxd5
14. Bd2 Rd8 15. Qb1 Nc5 16. Rc1 Rd6 17. c4 Rb6 18. Qa2 Nb3 19. cxd5 Nxc1
20. Rxc1 Qd7 21. Ba5 Rb5 22. Bc3 Rc8 23. Qd2 Rbc5 24. Bb2 Rxc1
25. Bxc1 Nxd5 26. Bb2 f6 27. Qa5 Ne7 28. Qd2 Nf5 29. Be4 b6 30. e3 Nd6
31. Bd5 Nf7 32. e4 Qxh3 33. d4 exd4 34. Bxd4 Qd7 35. Qa2 Kh8 36. Be3 Ne5
37. Be6 Qd1 38. Kg2 Rd8 39. Bd5 f5 40. Qb2 Qf3 41. Kg1 fxe4 42. Qxe5 Qd1
43. Kh2 Qxd5 44. Qf4 Rc8 45. Kg2 Kg8 46. Qg4 Rf8 0-1

[Event "Human vs. IBM/Nimzo98"]
[Site "Mureck"]
[Date "1998.07.16"]
[Round "26"]
[White "Schnider"]
[WhiteElo "2165"]
[Black "Nimzo98"]
[BlackElo "2620"]
[Result "0-1"]

1. e4 e6 2. d4 d5 3. Nc3 dxe4 4. Nxe4 Nd7 5. Nf3 Ngf6 6. Bd3 c5
7. c3 cxd4 8. Nxd4 Nxe4 9. Bxe4 Nc5 10. Bc2 Bd6 11. Qg4 g6 12. Qg5 Be7
13. Qe3 Bd7 14. O-O O-O 15. Qe5 f6 16. Qg3 e5 17. Nb3 Kg7 18. Qh4 Rg8
19. Qh6 Kh8 20. Be3 Na4 21. Rab1 f5 22. f4 e4 23. Rfd1 Bf6 24. Rd6 Rg7
25. Nd4 Nb6 26. Rd1 Nc4 27. Ne6 Qe7 28. Rxd7 Qxe6 29. Rxg7 Bxg7
30. Qh3 Nxb2 31. Rb1 Qxa2 0-1

[Event "Human vs. IBM/Nimzo98"]
[Site "Mureck"]
[Date "1998.07.16"]
[Round "27"]
[White "Wegerle"]
[WhiteElo "2140"]
[Black "Nimzo98"]
[BlackElo "2620"]
[Result "0-1"]

1. c4 e5 2. g3 Nf6 3. Bg2 d5 4. cxd5 Nxd5 5. Nc3 Nb6 6. Nf3 Nc6
7. O-O Be7 8. d3 O-O 9. a3 Be6 10. b4 a5 11. b5 Nd4 12. Bb2 Nb3
13. Rb1 f6 14. Ba1 Nxa1 15. Rxa1 Rc8 16. Nd2 Nd5 17. Nxd5 Bxd5
18. a4 Bxg2 19. Kxg2 Bb4 20. Qb3 Kh8 21. Ne4 f5 22. Nc3 f4 23. f3 Qd4
24. Rac1 fxg3 25. hxg3 Rfd8 26. Ne4 Qe3 27. Rc2 c6 28. bxc6 Rxc6
29. Rxc6 bxc6 30. Qc2 Rf8 31. Rh1 h6 32. g4 Rb8 33. Qb2 Rf8 34. g5 Kh7
35. Qc2 Rf5 36. gxh6 gxh6 37. d4 Kg8 38. dxe5 Rxe5 39. Qc4 Kf8
40. Rh4 Be7 41. Rg4 Bg5 42. Nxg5 hxg5 43. Kf1 Rc5 44. Qd4 Rc1 45. Kg2 Qxe2
46. Kg3 Qe1 47. Qf2 Qe5 48. Kg2 Qc3 49. Re4 c5 50. Kg3 Rc2 51. Qe1 Qxe1
52. Rxe1 Kf7 53. Re5 Kf6 54. Rd5 Rc4 55. Rd6 Ke5 56. Rg6 Rxa4 57. Rxg5 Kd6
58. Rg6 Kd5 59. Rg5 Kc6 60. Rg6 Kb5 61. Kf2 Ra1 62. Ke3 a4 63. Rg8 a3
64. Kd3 Rd1 0-1

[Event "Human vs. IBM/Nimzo98"]
[Site "Mureck"]
[Date "1998.07.16"]
[Round "28"]
[White "Peixoto"]
[WhiteElo "2300"]
[Black "Nimzo98"]
[BlackElo "2620"]
[Result "0-1"]

1. c3 d5 2. d4 Bf5 3. e3 e6 4. f4 Nf6 5. Nf3 Bd6 6. Be2 O-O 7. Nbd2 c5
8. Nf1 cxd4 9. exd4 Bg4 10. Ne5 Bxe2 11. Qxe2 Ne4 12. g3 Nd7 13. Nd3 b5
14. a3 Nb6 15. Be3 Nc4 16. Nd2 Ncxd2 17. Bxd2 Rc8 18. O-O a5 19. Rf3 b4
20. axb4 axb4 21. Raf1 bxc3 0-1

[Event "Human vs. IBM/Nimzo98"]
[Site "Mureck"]
[Date "1998.07.16"]
[Round "29"]
[White "Nimzo98"]
[WhiteElo "2620"]
[Black "Kaspi"]
[BlackElo "2510"]
[Result "1-0"]

1. c4 Nf6 2. Nc3 b6 3. d4 Bb7 4. a3 e6 5. Nf3 d5 6. cxd5 Nxd5 7. e3 g6
8. Bb5 c6 9. Bd3 Nxc3 10. bxc3 Bg7 11. O-O O-O 12. e4 c5 13. Bg5 Qc8
14. Re1 Re8 15. Qa4 Bc6 16. Qc4 Nd7 17. a4 Qb7 18. Qa2 Nf6 19. Qe2 h6
20. Bc1 cxd4 21. cxd4 Rad8 22. Ne5 Nd7 23. Nxc6 Qxc6 24. Bb5 Qd6
25. Be3 Rf8 26. e5 Qd5 27. Rec1 Nb8 28. Rc7 Qa8 29. a5 bxa5 30. Rxa5 a6
31. Bxa6 Nxa6 32. Rxa6 Qb8 33. Raa7 Qb1 34. Qf1 Qe4 35. Rc3 Rc8
36. f3 Qd5 37. Rcc7 Rxc7 38. Rxc7 Rb8 39. Qc1 Rb3 40. Ra7 Qb5 41. Qc7 Qe8
42. Kf2 Rb2 43. Kg3 Rb3 44. Rb7 Rxb7 45. Qxb7 Qd8 46. h3 Bf8 47. Kf2 Kg7
48. Ke2 Qa5 49. Qb3 Qa6 50. Kf2 Qc6 51. Qb8 Be7 52. Bxh6 Kxh6 53. Qh8 Kg5
54. h4 Kf5 55. Qh7 Qc2 56. Kg3 f6 57. Qxe7 fxe5 58. Qf7 1-0

[Event "Human vs. IBM/Nimzo98"]
[Site "Mureck"]
[Date "1998.07.16"]
[Round "30"]
[White "Nimzo98"]
[WhiteElo "2620"]
[Black "Rakchmangoulow"]
[BlackElo "2415"]
[Result "1-0"]

1. e4 d6 2. d4 Nf6 3. Bd3 g6 4. f4 Bg7 5. Nf3 O-O 6. O-O c6 7. c3 a5
8. f5 Nfd7 9. fxg6 hxg6 10. Na3 b5 11. Bg5 Ba6 12. Nc2 c5 13. a4 b4
14. Qe2 bxc3 15. bxc3 cxd4 16. cxd4 Bxd3 17. Qxd3 Nc6 18. Rab1 Qc8
19. Rfc1 Re8 20. Ne3 Qa6 21. Qxa6 Rxa6 22. Rb7 Nf8 23. d5 Nd4 24. Rcc7 Nh7
25. Bxe7 Nxf3 26. gxf3 Bd4 27. Kf2 f5 28. exf5 gxf5 29. Ke2 Kf7
30. Bxd6 Kg6 31. Bf4 Ng5 32. h4 Nh3 33. h5 Kxh5 34. Rh7 1-0

[Event "Human vs. IBM/Nimzo98"]
[Site "Mureck"]
[Date "1998.07.16"]
[Round "31"]
[White "Riazanzev"]
[WhiteElo "2335"]
[Black "Nimzo98"]
[BlackElo "2620"]
[Result "0-1"]

1. d4 Nf6 2. c4 d6 3. Nf3 Nbd7 4. g3 c5 5. d5 Nb6 6. b3 g6 7. Bg2 Nfxd5
8. Bb2 Nf6 9. O-O Bg7 10. Nbd2 O-O 11. Qc2 Bf5 12. Qc1 Qc8 13. Re1 Bh3
14. Bh1 Bh6 15. Bxf6 exf6 16. e3 Re8 17. Qc3 f5 18. Rad1 Qc7 19. Qc2 Rad8
20. Nb1 d5 21. cxd5 Nxd5 22. Nc3 Nb4 23. Qe2 Bg7 24. Na4 b6 25. a3 Nd5
26. Qc2 Bg4 27. Bg2 b5 28. Nb2 Qa5 29. a4 Nb4 30. Qb1 Bxb2 31. Qxb2 Nd3
32. Rxd3 Rxd3 33. Ne5 Qxe1 0-1

[Event "Human vs. IBM/Nimzo98"]
[Site "Mureck"]
[Date "1998.07.16"]
[Round "32"]
[White "Meszaros"]
[WhiteElo "2350"]
[Black "Nimzo98"]
[BlackElo "2620"]
[Result "0-1"]

1. d4 Nf6 2. Bg5 e6 3. Nd2 c5 4. e3 d5 5. c3 Nc6 6. Ngf3 cxd4 7. exd4 h6
8. Bh4 Bd6 9. Bd3 O-O 10. O-O Bd7 11. Qe2 Qc7 12. Rae1 Ng4 13. Bg3 Bxg3
14. hxg3 Rfe8 15. Ne5 Ngxe5 16. dxe5 b5 17. Nf3 b4 18. cxb4 Nxb4
19. Bb1 Qb6 20. Qd2 Rac8 21. Nd4 Nc6 22. Nf3 Na5 23. Qd3 g6 24. Nd4 Qxb2
25. Qe3 Nc4 26. Qxh6 Qd2 27. Qh4 Qb4 28. Nf3 Qf8 29. Nh2 Qe7 30. Qf4 g5
31. Qd4 Kg7 32. Ng4 Rh8 33. Nf6 Bb5 34. Qg4 Nxe5 35. Qxg5 Ng6 36. Nh5 Kf8
37. Qg4 Bxf1 38. Bxg6 Ba6 39. Bd3 f5 40. Bxf5 exf5 41. Qxf5 Qf7
42. Nf6 Rh6 43. Nd7 Kg8 44. Qg4 Rg6 45. Qa4 Rc4 46. Re8 Kg7 0-1

[Event "Human vs. IBM/Nimzo98"]
[Site "Mureck"]
[Date "1998.07.16"]
[Round "33"]
[White "Breder"]
[WhiteElo "2220"]
[Black "Nimzo98"]
[BlackElo "2620"]
[Result "0-1"]

1. e4 e6 2. d4 d5 3. Nd2 c5 4. Ngf3 a6 5. exd5 exd5 6. dxc5 Bxc5
7. Nb3 Ba7 8. Qe2 Ne7 9. Be3 Bxe3 10. Qxe3 O-O 11. Be2 Re8 12. Qd2 Bg4
13. O-O Nbc6 14. Nfd4 Bxe2 15. Qxe2 Nf5 16. Qd2 Nfxd4 17. Nxd4 Qf6
18. Rad1 Re4 19. Nxc6 bxc6 20. c3 Rae8 21. Rfe1 Qf4 22. Rxe4 Qxe4
23. a3 h6 24. h3 Re6 25. Qd3 Qxd3 26. Rxd3 Re1 27. Kh2 Re2 28. b3 Rxf2
29. c4 dxc4 30. bxc4 Rc2 31. Rd8 Kh7 32. Ra8 Rxc4 33. Rxa6 f5 34. a4 f4
35. Rb6 Rxa4 36. Rxc6 Ra2 37. Kg1 g5 38. Rc4 Ra1 39. Kh2 Re1 40. h4 Kg6
41. hxg5 hxg5 42. g3 f3 43. Rc6 Kf5 44. Rc5 Kg4 45. Rc4 Kh5 46. g4 Kh4
47. Rc3 f2 0-1

[Event "Human vs. IBM/Nimzo98"]
[Site "Mureck"]
[Date "1998.07.16"]
[Round "34"]
[White "Lovric"]
[WhiteElo "2367"]
[Black "Nimzo98"]
[BlackElo "2620"]
[Result "0-1"]

1. b3 d5 2. Bb2 Bg4 3. f3 Bf5 4. e3 e6 5. f4 Nf6 6. Nf3 Be7 7. Bd3 Bxd3
8. cxd3 c5 9. d4 cxd4 10. Nxd4 O-O 11. O-O Nc6 12. Qe2 Rc8 13. Nf3 Nb4
14. Nc3 Ne4 15. Rfc1 Nc5 16. Ne1 Qb6 17. d4 Ne4 18. Nxe4 dxe4 19. Rc4 Qa6
20. a3 Nd5 21. Rac1 Rxc4 22. bxc4 Nb6 23. Rc2 Qa5 24. Kf2 Rc8 25. c5 Nd5
26. Qd2 Qa4 27. Rc1 Qb3 28. g3 Rc6 29. Ng2 b6 30. Qc2 Qxc2 31. Rxc2 bxc5
32. dxc5 Rxc5 33. Rxc5 Bxc5 34. Ke2 Nb6 35. Bc1 Nc4 0-1

[Event "Human vs. IBM/Nimzo98"]
[Site "Mureck"]
[Date "1998.07.17"]
[Round "35"]
[White "Reizniece,D"]
[WhiteElo "2170"]
[Black "Nimzo98"]
[BlackElo "2620"]
[Result "1/2-1/2"]

1. Nf3 d5 2. g3 Nf6 3. Bg2 c6 4. O-O Bg4 5. d3 Nbd7 6. Nbd2 e5
7. e4 dxe4 8. dxe4 Bc5 9. Nc4 O-O 10. Qe1 Re8 11. Bd2 b5 12. Ne3 Bxe3
13. Qxe3 Nb6 14. Bc3 Nc4 15. Qe1 a5 16. b3 b4 17. bxc4 bxc3 18. Qxc3 Nxe4
19. Qe3 Nd6 20. Qc5 e4 21. Rfd1 Qf6 22. Qxd6 Re6 23. Qd4 exf3 24. Qxg4 fxg2
25. Kxg2 Qc3 26. Qd4 Qxc2 27. Rd2 Qf5 28. Rad1 Rae8 29. Qd3 Qc5
30. Qd4 Qb4 31. Qg4 Qf8 32. Rd4 c5 33. Rf4 Re2 34. Rd7 R8e7 35. Rxe7 Rxe7
36. Rf5 Re8 37. Rd5 Qe7 38. Rd7 Qe5 39. Qf3 f6 40. Qd5 Qxd5 41. Rxd5 Re2
42. a4 Ra2 43. Rxc5 Rxa4 44. Rd5 Kf7 45. Rd7 Kg6 46. Ra7 Rxc4 1/2-1/2

[Event "Human vs. IBM/Nimzo98"]
[Site "Mureck"]
[Date "1998.07.17"]
[Round "36"]
[White "De Vreugt"]
[WhiteElo "2350"]
[Black "Nimzo98"]
[BlackElo "2620"]
[Result "0-1"]

1. e4 e5 2. Nf3 Nc6 3. Bb5 a6 4. Ba4 Nf6 5. O-O Be7 6. d3 b5 7. Bb3 d6
8. c3 O-O 9. Re1 Na5 10. Bc2 c5 11. Nbd2 Nc6 12. Nf1 Re8 13. Ne3 Bd7
14. d4 exd4 15. cxd4 Bf8 16. dxc5 dxc5 17. a4 bxa4 18. Nc4 Nb4
19. Bg5 Bb5 20. Bxf6 Qxf6 21. e5 Qh6 22. Nfd2 Rad8 23. Bxa4 Bxc4
24. Bxe8 Rxd2 0-1

[Event "Human vs. IBM/Nimzo98"]
[Site "Mureck"]
[Date "1998.07.17"]
[Round "37"]
[White "Alexandria,N"]
[WhiteElo "2330"]
[Black "Nimzo98"]
[BlackElo "2620"]
[Result "0-1"]

1. d4 d5 2. Bg5 f6 3. Bh4 Nh6 4. e3 Nf5 5. Bg3 h5 6. h4 Nxg3 7. fxg3 e5
8. Be2 Bd6 9. Bxh5 Ke7 10. Bg4 exd4 11. Qf3 Nc6 12. Bxc8 Qxc8 13. Ne2 Qe6
14. Nf4 Bxf4 15. Qxf4 Qxe3 16. Kd1 Qxf4 17. gxf4 Na5 18. Nd2 c5
19. b4 cxb4 20. Nf3 Nc6 21. Kd2 Rae8 22. Kd3 Kd6 23. Rae1 a5 24. g4 Re4
25. Rxe4 dxe4 26. Kxe4 Re8 27. Ne5 fxe5 28. f5 Nb8 29. g5 Rc8 30. h5 Rc3
31. f6 Ke6 0-1